| 000 | 00358nam a22001577a 4500 | ||
|---|---|---|---|
| 003 | CEME | ||
| 005 | 20210628205829.0 | ||
| 008 | 210317b xxu||||| |||| 00| 0 eng d | ||
| 040 | _c. | ||
| 082 | _a891.4393 AMJ | ||
| 100 |
_aAmjad Islam Amjad _99447 |
||
| 245 | _aKoakab cook book | ||
| 260 |
_aPDF _bPDF _c1997 |
||
| 650 |
_aURDU _98997 |
||
| 942 |
_cBK _2ddc |
||
| 999 |
_c582491 _d582491 |
||